<?xml version="1.0" encoding="UTF-8"?>
<collection xmlns:xsi="http://www.w3.org/2001/XMLSchema-instance" xsi:schemaLocation="http://www.loc.gov/MARC21/slim http://www.loc.gov/standards/marcxml/schema/MARC21slim.xsd" xmlns="http://www.loc.gov/MARC21/slim">
 <record>
  <leader>00000nam a22000004a 4500</leader>
  <controlfield tag="001">UP-1685954869149613362</controlfield>
  <controlfield tag="003">Buklod</controlfield>
  <controlfield tag="005">20250815103130.0</controlfield>
  <controlfield tag="006">m    |o  d |      </controlfield>
  <controlfield tag="007">ta</controlfield>
  <controlfield tag="008">240214s2022    xxu     r    |||| u|eng d</controlfield>
  <datafield tag="020" ind1=" " ind2=" ">
   <subfield code="a">9781119853107 (pbk)</subfield>
  </datafield>
  <datafield tag="037" ind1=" " ind2=" ">
   <subfield code="a">Ar-6900</subfield>
   <subfield code="b">F &amp; J, Php 2,495.00</subfield>
  </datafield>
  <datafield tag="040" ind1=" " ind2=" ">
   <subfield code="a">WORLDCAT</subfield>
   <subfield code="d">DARC</subfield>
   <subfield code="e">rda</subfield>
  </datafield>
  <datafield tag="041" ind1=" " ind2=" ">
   <subfield code="a">eng</subfield>
  </datafield>
  <datafield tag="090" ind1=" " ind2=" ">
   <subfield code="a">HD 30.2</subfield>
   <subfield code="b">L38 2022</subfield>
  </datafield>
  <datafield tag="100" ind1="1" ind2=" ">
   <subfield code="a">Laudato, Andrew </subfield>
   <subfield code="e">author.</subfield>
  </datafield>
  <datafield tag="245" ind1="1" ind2="0">
   <subfield code="a">Fostering innovation</subfield>
   <subfield code="b">how to build an amazing IT team</subfield>
   <subfield code="c">Andrew Laudato.</subfield>
  </datafield>
  <datafield tag="264" ind1=" " ind2="1">
   <subfield code="c">[2022]</subfield>
   <subfield code="a">Hoboken :</subfield>
   <subfield code="b">John Wiley &amp; Sons, Inc., </subfield>
  </datafield>
  <datafield tag="300" ind1=" " ind2=" ">
   <subfield code="a">xxvii, 220 pages </subfield>
   <subfield code="b">llustrations, graphs, charts </subfield>
   <subfield code="c">24 cm</subfield>
  </datafield>
  <datafield tag="336" ind1=" " ind2=" ">
   <subfield code="a">text</subfield>
   <subfield code="2">rdacontent</subfield>
  </datafield>
  <datafield tag="337" ind1=" " ind2=" ">
   <subfield code="a">unmediated</subfield>
   <subfield code="2">rdamedia</subfield>
  </datafield>
  <datafield tag="338" ind1=" " ind2=" ">
   <subfield code="a">volume</subfield>
   <subfield code="2">rdacarrier</subfield>
  </datafield>
  <datafield tag="500" ind1=" " ind2=" ">
   <subfield code="a">Includes bibliographical references and index.</subfield>
  </datafield>
  <datafield tag="505" ind1="0" ind2="0">
   <subfield code="a">Introduction -- Become an empathetic leader -- Hey, what do you know? -- An amazing IT department? What's that? -- Conventional wisdom is wrong -- Four steps to innovate -- The right foundation -- The Laudato Hierarchy of IT needs -- Keep the lights on (KTLO) -- Lean and efficient IT -- Create value -- Let's innovate -- CIO report card -- Develop a winning culture -- Culture eats eggs and strategy eats bacon, or something to that effect -- The boxes, the lines, and the dashes -- Org design- just show me the answer -- Organizational design and culture -- It's not the play, it's the player -- Take care of those peeps -- Hire the best -- The best team is a diverse team -- Using mercenaries- I mean, consultants -- The power of experts -- Build that network -- Good advice doesn't come cheap, it's free -- Deliver to delight: a collection of usable tips and tools -- The written word-a.k.a IT strategy -- It's the uptime, stupid -- If it's important, you better get two -- Lock it down -- Lean and efficient IT -- What should I work on first? -- Limit your work in process (WIP) -- One list to rule them all -- Portfolio/program/project management -- Develop key business proficiency for maximum IT efficiency -- Love your HR department, just don't &quot;love&quot; your HR department -- If I wanted to be a lawyer, I would have gone to law school -- Let's make a deal -- Accounting, my worst subject -- Learn your business, inside and out -- Straighten up and fly right -- What you should have learned in kindergarten -- Professionalism isn't just wearing a suit -- What you do matters-you're always on the clock -- Vendors and frendors -- A word to the vendors -- Be a cool customer -- Get your butt in shape -- Final tips and advice -- When something goes wrong -- When others come knocking -- What's wrong with outsourcing? -- Switching jobs -- Technology matters -- Conclusion</subfield>
  </datafield>
  <datafield tag="650" ind1=" " ind2="0">
   <subfield code="a">Information technology</subfield>
   <subfield code="x">Management.</subfield>
  </datafield>
  <datafield tag="650" ind1=" " ind2="0">
   <subfield code="a">Electronic data processing departments</subfield>
   <subfield code="x">Management.</subfield>
  </datafield>
  <datafield tag="650" ind1=" " ind2="0">
   <subfield code="a">Organizational change.</subfield>
  </datafield>
  <datafield tag="650" ind1=" " ind2="0">
   <subfield code="a">Leadership.</subfield>
  </datafield>
  <datafield tag="650" ind1=" " ind2="0">
   <subfield code="a">Personnel management.</subfield>
  </datafield>
  <datafield tag="650" ind1=" " ind2="0">
   <subfield code="a">Data processing service centers</subfield>
   <subfield code="x">Management.</subfield>
  </datafield>
  <datafield tag="852" ind1="0" ind2=" ">
   <subfield code="a">UPD</subfield>
   <subfield code="b">DARC</subfield>
   <subfield code="h">HD 30.2</subfield>
   <subfield code="i">L38 2022</subfield>
  </datafield>
  <datafield tag="942" ind1=" " ind2=" ">
   <subfield code="a">Book</subfield>
  </datafield>
 </record>
</collection>
